000 00300nam a2200109Ia 4500
008 231120s2019 xx 000 0 und d
041 _aeng
100 _aWIL FREEBORN
245 _aLEARN TO PAINT IN WATERCOLOUR WITH 50 SMALL PAINTINGS
260 _aSEARCH PRESS
_bSEARCH PRESS
_c2019
300 _aP-144
999 _c933346
_d933346